India's China war / (Record no. 185685)

000 -LEADER
fixed length control field 00705 a2200193 4500
003 - CONTROL NUMBER IDENTIFIER
control field Nust
005 - DATE AND TIME OF LATEST TRANSACTION
control field 20230209124601.0
010 ## - LIBRARY OF CONGRESS CONTROL NUMBER
LC control number 77536579
020 ## - INTERNATIONAL STANDARD BOOK NUMBER
International Standard Book Number 0224618873
040 ## - CATALOGING SOURCE
Transcribing agency Nust
082 00 - DEWEY DECIMAL CLASSIFICATION NUMBER
Classification number 954.04,MAX
100 1# - MAIN ENTRY--PERSONAL NAME
Personal name Maxwell, Neville,
9 (RLIN) 49056
245 10 - TITLE STATEMENT
Title India's China war /
Statement of responsibility, etc. Neville Maxwell.
260 ## - PUBLICATION, DISTRIBUTION, ETC.
Place of publication, distribution, etc. London,
Name of publisher, distributor, etc. Cape,
Date of publication, distribution, etc. 1970.
300 ## - PHYSICAL DESCRIPTION
Extent 475 p., 6 fold. plates.
Other physical details 6 maps.
Dimensions 23 cm.
505 ## - FORMATTED CONTENTS NOTE
Formatted contents note Historical Introduction : The Limits of Empire (Page-17), Collision Course (Page-65), The Forward Policy (Page-171), The View From Peking (Page-257), The Border War (Page-289), Ceasefire (Page-415).
650 #0 - SUBJECT ADDED ENTRY--TOPICAL TERM
Topical term or geographic name entry element Sino-Indian Border Dispute, 1957-
9 (RLIN) 51783
942 ## - ADDED ENTRY ELEMENTS (KOHA)
Source of classification or shelving scheme
Koha item type Book
Call number prefix 954.04,MAX
Holdings
Withdrawn status Lost status Source of classification or shelving scheme Damaged status Not for loan Permanent Location Current Location Shelving location Date acquired Full call number Barcode Date last seen Price effective from Koha item type Public note
          Military College of Signals (MCS) Military College of Signals (MCS) General Stacks 12/12/2016 954.04,MAX MCS22693 12/08/2016 12/12/2016 Book Almirah No. 61, Shelf No. 5
© 2023 Central Library, National University of Sciences and Technology. All Rights Reserved.